LEADER 01196nas 2200409 a 450 001 9910301531303321 005 20240413021237.0 011 $a2437-3591 035 $a(CKB)954928549291 035 $a(CONSER)sc 86004005 035 $a(EXLCZ)99954928549291 100 $a19800919b19801984 uy b 101 0 $afre 200 00$aAnnales de virologie 210 $aParis ;$aNew York $cMasson$d1980-1984 215 $a1 online resource 225 0$aCollection des Annales de l'Institut Pasteur 311 08$aPrint version: Annales de virologie. 0242-5017 (DLC)sc#86004005# (OCoLC)6732254 531 $aANN INST PASTEUR VIR 531 0 $aAnn. virol. 606 $aVirology$vPeriodicals 606 $avirology$vPeriodicals 606 $aVirology 606 $aVirologie$vPe?riodiques 608 $aPeriodical. 615 0$aVirology 615 3$avirology 615 2$aVirology. 615 6$aVirologie 676 $a574.29 712 02$aSocie?te? franc?aise de microbiologie. 712 02$aInstitut Pasteur (Paris, France) 906 $aJOURNAL 912 $a9910301531303321 920 $aexl_impl conversion 996 $aAnnales de virologie$9801377 997 $aUNINA LEADER 00966nam 2200265la 450 001 9910481517003321 005 20230503102610.0 035 $a(UK-CbPIL)2090351382 035 $a(CKB)5500000000105340 035 $a(EXLCZ)995500000000105340 100 $a20230503d1554 uy | 101 0 $agrc 135 $aurcn||||a|bb| 200 10$aThema deuteron. Demosthenis orationum pars secunda: in qua iudiciales nouem eius publicae orationes continentur 210 $aVenice $cPaolo Manuzio, 1512-1574$d1554 215 $aOnline resource (248, [4] c.) 300 $aReproduction of original in Biblioteca Nazionale Centrale di Firenze. 700 $aDemosthenes$0167473 701 $aManuzio$b Paolo$f1512-1574.$0327584 801 0$bUk-CbPIL 801 1$bUk-CbPIL 906 $aBOOK 912 $a9910481517003321 996 $aThema deuteron. Demosthenis orationum pars secunda: in qua iudiciales nouem eius publicae orationes continentur$92275918 997 $aUNINA